La Première Guerre mondiale de A à Z - Statistiques

Statistiques générales
  • Ce quiz a été pris 26 947 fois
  • Le résultat moyen est 12 sur 26
Statistiques - réponses
Indice Réponse % Correct
E Alliance entre le Royaume-Uni, la Russie, et la France Triple {Entente}
84%
I Pays décidant de quitter la Triple Alliance au début de la guerre Italie
83%
O Empire ayant pactisé avec l'Allemagne Empire {Ottoman}
78%
P Nom donné aux soldats français Poilus
78%
G Agent chimique employé pour la première fois en 1917 {Gaz} moutarde
77%
T Fossé profond creusé par les assaillants pour pouvoir s'approcher à couvert Tranchée
73%
A Cet Empire cesse d'exister après la guerre Autriche-Hongrie
71%
V Ville française fortifiée où une sanglante bataille s'est déroulée en 1916 Verdun
70%
F Son assassinat a entraîné la guerre François-Ferdinand
64%
B Léninistes prenant le contrôle de la Russie en 1917 Bolcheviks
62%
N Dernier tsar de Russie Nicolas II
57%
K Titre porté par Guillaume II Kaiser
46%
C Président du Conseil en France nommé en 1917, surnommé "le Tigre" Georges Clemenceau
44%
M Région théâtre de deux offensives majeures en 1914 et 1918 Marne
38%
S Fleuve près duquel se déroula la bataille la plus meurtière de la guerre Somme
35%
Z Type de dirigeable allemand utilisé pour bombarder Londres Zeppelin
35%
W Président américain pendant la guerre Woodrow Wilson
33%
D Bataille également appelée "Campagne de Gallipoli" Bataille des {Dardanelles}
23%
U Terme pour un sous-marin allemand U-boot
22%
Y Ville belge près de laquelle quatre batailles eurent lieu Ypres
17%
L Paquebot britannique torpillé par un sous-marin allemand en 1915 Lusitania
15%
H Feld-maréchal allemand qui deviendra plus tard président de l'Allemagne Paul von Hindenburg
15%
J Bataille navale de 1916 au large du Danemark Bataille du {Jutland}
13%
R Nom de famille du Baron Rouge von {Richthofen}
9%
Q Ville chinoise également nommée Tsingtao, prise par le Japon en 1914 Qingdao
7%
X Plan de l'armée française pour repousser l'invasion allemande qui échoua Plan {XVII}
3%
Aucun quiz correspondant
Distribution des résultats
% des personnes avec chaque résultat
Percentile par nombre de réponses
Votre historique - résultats
Vous n’avez pas pris ce quiz